Some quantitative aspects of stock trading on the leading U.S. stock exchanges: twenty - five years of developement, 1930-54 (Record no. 358153)

000 -LEADER
fixed length control field 00531cam a22001337a 4500
008 - FIXED-LENGTH DATA ELEMENTS--GENERAL INFORMATION
fixed length control field 180718b1958 xxu||||| |||| 00| 0 eng d
082 ## - DEWEY DECIMAL CLASSIFICATION NUMBER
Classification number T471 x73 Am88
245 ## - TITLE STATEMENT
Title Some quantitative aspects of stock trading on the leading U.S. stock exchanges: twenty - five years of developement, 1930-54
Statement of responsibility, etc. by Amsterdam Univ. foundation for economic Research
260 ## - PUBLICATION, DISTRIBUTION, ETC.
Place of publication, distribution, etc. Leiden
Name of publisher, distributor, etc. Kroese
Date of publication, distribution, etc. 1958
300 ## - PHYSICAL DESCRIPTION
Extent viii,125,(37)p.
650 ## - SUBJECT ADDED ENTRY--TOPICAL TERM
Topical term or geographic name entry element Stock Exchange - USA
650 ## - SUBJECT ADDED ENTRY--TOPICAL TERM
Topical term or geographic name entry element Stock - USA
700 ## - ADDED ENTRY--PERSONAL NAME
Personal name Amsterdam Unvi foundation for economic research
Holdings
Withdrawn status Lost status Damaged status Not for loan Permanent Location Current Location Date acquired Full call number Barcode Date last seen Price effective from Koha item type
        Indian Institute of Public Administration Indian Institute of Public Administration 1994-01-24 T471 x73 Am88 21896 2018-07-21 2018-07-21 Book

Powered by Koha